00409pab a2200145 454500008004000000100001800040245009100058260000900149300001400158362000800172650001800180700001800198700002200216773002500238180718b2004 xxu||||| |||| 00| 0 eng d aNissley, Nick aThe politics of performance in organizational theatre-based training and interventions c2004 ap.817-39. aJun aOrganizations aHouden, Linda aTaylor, Steven S. aOrganization Studies